00510 2200181 4500001002100000005001500021035002000036008004100056245004600097100002300143260003500166300002500201084002100226082001100247650003200258020001800290990002000308INLIS00000000000380020250109021658 a0010-0125000091250109 0 eng 1 aJames Agee :bA Life /cLaurence Bergreen aBergreen, Laurence aLondon :bPenguin Books,c1985 a467 hlm. ;c13x20 cm a928.21 BER J C.1 a928.21 4aBiografi Sastrawan Inggris a0-1400-8064-3 a870511200006755